Organic photovoltaics : (Record no. 355671)

000 -LEADER
fixed length control field 01402cam a22003494a 4500
001 - CONTROL NUMBER
control field 13729428
003 - CONTROL NUMBER IDENTIFIER
control field Nust- CAS-E
005 - DATE AND TIME OF LATEST TRANSACTION
control field 20180118181409.0
008 - FIXED-LENGTH DATA ELEMENTS--GENERAL INFORMATION
fixed length control field 040924s2005 flua b 001 0 eng
010 ## - LIBRARY OF CONGRESS CONTROL NUMBER
LC control number 2004059378
020 ## - INTERNATIONAL STANDARD BOOK NUMBER
International Standard Book Number 082475963X (alk. paper)
040 ## - CATALOGING SOURCE
Original cataloging agency DLC
Transcribing agency DLC
Modifying agency DLC
-- DLC
042 ## - AUTHENTICATION CODE
Authentication code pcc
050 00 - LIBRARY OF CONGRESS CALL NUMBER
Classification number TK8322
Item number .O73 2004
082 00 - DEWEY DECIMAL CLASSIFICATION NUMBER
Classification number 621.381542
Edition number 22
Author Mark ORG 2005
245 00 - TITLE STATEMENT
Title Organic photovoltaics :
Remainder of title mechanism, materials, and devices /
Statement of responsibility, etc. [edited by] Sam-Shajing Sun, Niyazi Serdar Sariciftci.
260 ## - PUBLICATION, DISTRIBUTION, ETC.
Place of publication, distribution, etc. Boca Raton, FL :
Name of publisher, distributor, etc. Taylor & Francis,
Date of publication, distribution, etc. 2005.
300 ## - PHYSICAL DESCRIPTION
Extent xxi, 629 p. :
Other physical details ill. ;
Dimensions 26 cm.
490 1# - SERIES STATEMENT
Series statement Optical engineering
502 ## - DISSERTATION NOTE
Dissertation note 0
504 ## - BIBLIOGRAPHY, ETC. NOTE
Bibliography, etc. note Includes bibliographical references and index.
650 #0 - SUBJECT ADDED ENTRY--TOPICAL TERM
Topical term or geographic name entry element Photovoltaic cells.
650 #0 - SUBJECT ADDED ENTRY--TOPICAL TERM
Topical term or geographic name entry element Organic semiconductors.
700 1# - ADDED ENTRY--PERSONAL NAME
Personal name Sun, Sam-Shajing.
700 1# - ADDED ENTRY--PERSONAL NAME
Personal name Sariciftci, Niyazi Serdar.
830 #0 - SERIES ADDED ENTRY--UNIFORM TITLE
Uniform title Optical engineering (Marcel Dekker, Inc.)
856 41 - ELECTRONIC LOCATION AND ACCESS
Materials specified Table of contents only
Uniform Resource Identifier <a href="http://www.loc.gov/catdir/toc/fy0710/2004059378.html">http://www.loc.gov/catdir/toc/fy0710/2004059378.html</a>
856 42 - ELECTRONIC LOCATION AND ACCESS
Materials specified Publisher description
Uniform Resource Identifier <a href="http://www.loc.gov/catdir/enhancements/fy0648/2004059378-d.html">http://www.loc.gov/catdir/enhancements/fy0648/2004059378-d.html</a>
906 ## - LOCAL DATA ELEMENT F, LDF (RLIN)
a 7
b cbc
c orignew
d 1
e ocip
f 20
g y-gencatlg
942 ## - ADDED ENTRY ELEMENTS (KOHA)
Source of classification or shelving scheme
Koha item type Book
Holdings
Withdrawn status Lost status Source of classification or shelving scheme Damaged status Not for loan Collection code Permanent Location Current Location Shelving location Date acquired Source of acquisition Cost, normal purchase price Total Checkouts Full call number Barcode Date last seen Price effective from Koha item type Copy number
            US-Pakistan Center for Advanced Studies in Energy (USPCAS-E) US-Pakistan Center for Advanced Studies in Energy (USPCAS-E)   11/24/2015 Victoria Co. 17000.00   621.381542 ORG 2005 CAS-E0000780 11/24/2015 11/24/2015 Book  
            US-Pakistan Center for Advanced Studies in Energy (USPCAS-E) US-Pakistan Center for Advanced Studies in Energy (USPCAS-E)   11/24/2015 Victoria Co. 17000.00   621.381542 ORG 2005 CAS-E0000781 11/24/2015 11/24/2015 Book 2
© 2023 Central Library, National University of Sciences and Technology. All Rights Reserved.